00420nam a2200145Ia 4500020001800000082002800018100002200046245005200068260004100120300000800161504001900169650003300188650003500221650001800256 a81-7188-339-7 a923.2954 RAM-T SL1 aRamakrishna, G.V. 0aTwo score and ten: my experiences in government aNew DelhibAcademic Foundationc2004 a370 aincludes index aRamakrishna, G.V.vBiography aIndiavPolitics and government aCivil service